Sfery ziemi - Statystyki

Ogólne statystyki
  • Ten quiz został rozwiązany 14 razy
  • Średni wynik to 4 z 6
Statystyki odpowiedzi
Sfera % Poprawnych
Atmosfera
100%
Litosfera
82%
Hydrosfera
64%
Biosfera
55%
Pedosfera
45%
Antroposfera
27%
Nie znaleziono quizów pasujących do podanych kryteriów
Rozkład punktacji
Procent ludzi z każdym wynikiem
Percentyl według liczby udzielonych odpowiedzi
Twoja historia wyników
Nie rozwiązałeś tego quizu